000 00529nam a22002177a 4500
003 OSt
005 20140310181941.0
008 121127t xxu||||| |||| 00| 0 eng d
020 _a185813725X
050 _aPS 1305
_b.T969 1994
082 _aCLA
_bT91a 1994
100 _aMark Twain.
_92913
245 _aHuckleberry Finn /
_cMark Twain.
260 _aLondon :
_bParragon Books,
_cc1994.
300 _g18cm
_a244 p. ;
521 _a
541 _j1
562 _e1
650 _aFiction.
_9746
942 _2lcc
_cBBK
_kCLA
999 _c7659
_d7659